|
|
|
|
| LEADER |
00000nam a2200000 a 4500 |
| 005 |
2012011202412.0 |
| 007 |
cr ||||||||||| |
| 008 |
110822s2009 sp d o000 0 spa c |
| 020 |
|
|
|a 9788473512909
|
| 035 |
|
|
|a 5519
|
| 040 |
|
|
|d vLex
|
| 080 |
|
|
|a 331.102.323:316.444.5
|
| 080 |
|
|
|a 316.444.5:331.102.323
|
| 090 |
|
|
|c 2912
|d 2912
|
| 245 |
0 |
3 |
|a La Competicin̤ global por el talento
|h [Recurso electrn̤ico] :
|b movilidad de los trabajadores altamente cualificados /
|c traduccin̤ de Isabel Teresa Vargas Sampedro
|
| 256 |
|
|
|a Servicio en ln̕ea
|
| 260 |
|
|
|a Madrid :
|b Instituto Nacional de Administracin̤ Pb︢lica,
|c 2009
|
| 300 |
|
|
|a 1 recurso electrn̤ico (185 p.)
|
| 504 |
|
|
|a Bibliografa̕
|
| 506 |
1 |
|
|a Contenido solo disponible en los productos indicados
|d vLex Global
|d vLex Global (Academic Edition, excluding Law Schools)
|d vLex Global (U.S. Academic Edition, Law Schools)
|d vLex Global (U.S. Academic Edition, excluding Law Schools)
|d vLex Global (Academic Edition, Law Schools)
|
| 546 |
|
|
|a Trad. de: The Global competition for talent
|
| 650 |
0 |
4 |
|a movilidad laboral
|
| 650 |
0 |
4 |
|a Trabajadores cualificados
|
| 700 |
1 |
|
|a Vargas Sampedro, Teresa
|
| 710 |
1 |
|
|a Instituto Nacional de Administracin̤ Pb︢lica (Espaą)
|
| 740 |
0 |
|
|a vLex Libros (Servicio en ln̕ea)
|
| 830 |
|
0 |
|a Estudios y documentos (Instituto Nacional de Administracin̤ Pb︢lica (Espanya))
|
| 856 |
4 |
0 |
|z Acceso restringido
|u http://vlex.com/source/movilidad-trabajadores-altamente-cualificados-5519
|
| 942 |
|
|
|c BOOK
|
| 999 |
0 |
|
|a Labor mobility
|
| 999 |
0 |
|
|a Labor laws and legislation
|